Vista normal
Vista MARC
Entrada Materia (personas)
Número de registros utilizados en: 1
001 - CONTROL NUMBER
- control field: 45348
003 - CONTROL NUMBER IDENTIFIER
- control field: Co-BoUCM
005 - DATE AND TIME OF LATEST TRANSACTION
- control field: 20130918125212.0
008 - FIXED-LENGTH DATA ELEMENTS
- fixed length control field: 130918|| aca||aabn | a|a d
040 ## - CATALOGING SOURCE
- Original cataloging agency: Co-BoUCM
- Transcribing agency: Co-BoUCM
100 ## - HEADING--PERSONAL NAME
- Personal name: Torres, Cristóbal de
- Titles and other words associated with a name: Fray
- General subdivision: Estatuas
- General subdivision: Historia
670 ## - SOURCE DATA FOUND
- Source citation: Work cat.: (Co-BoUCM): Mayorga García, Fernando 1954- 45347, La estatua de Fray Cristóbal de Torres, 2013